| 000 | 00490nam a22001697a 4500 | ||
|---|---|---|---|
| 003 | BD-DhUL | ||
| 005 | 20180508160537.0 | ||
| 008 | 180508s1940 ii ||||| |||| 00| 0 urd d | ||
| 040 |
_aBD-DhUL _cBD-DhUL |
||
| 082 |
_a666.9 _bMAC |
||
| 100 | 0 | _aمنظور حسین سید | |
| 245 | 2 |
_aچنائی / _cمنظور حسین سید |
|
| 260 |
_aحیدراباددکن : _bطبع عثمانیہ، _c۔۱۹۴۰ |
||
| 300 |
_aص۔ ۲۲۹ ؛ _c۲۴ سم۔ |
||
| 650 | 0 | _aCoating | |
| 942 |
_2ddc _cBK |
||
| 999 |
_c241090 _d241090 |
||